[Event "ARG-ch (Women) 74th"]
[Site "Buenos Aires"]
[Date "2023.11.28"]
[Round "8"]
[White "Gaite, Karen Nerina"]
[Black "Herrera, Lara"]
[Result "1-0"]
[WhiteElo "1871"]
[BlackElo "1391"]
[PlyCount "133"]
[EventDate "2023.11.20"]
[EventType "swiss"]
[EventRounds "9"]
[EventCountry "ARG"]
[SourceTitle "CB49_2023"]
[SourceDate "2023.12.06"]
[SourceVersion "1"]
[SourceVersionDate "2023.12.06"]
[SourceQuality "1"]

1. c4 e5 2. Nc3 Nf6 3. g3 d5 4. cxd5 Nxd5 5. Bg2 Nb6 6. Nf3 Nc6 7. 0-0 Be7 8. b3 0-0 9. Bb2 Be6 10. d3 f6 11. Rc1 Qd7 12. Ne4 Bh3 13. a3 Rad8 14. Qc2 Bxg2 15. Kxg2 Nd5 16. h3 b6 17. Qxc6 Qf5 18. Nc3 Nxc3 19. Rxc3 Bd6 20. Qe4 Qxe4 21. dxe4 a5 22. Rd1 Bc5 23. Rcd3 Rd6 24. Ne1 b5 25. Rxd6 cxd6 26. Nd3 Bb6 27. Rc1 f5 28. exf5 e4 29. Nf4 Rxf5 30. e3 g5 31. Ne6 Kf7 32. Nd4 Rd5 33. Rc6 Bd8 34. Rc8 Bf6 35. Rc7+ Kg6 36. Bc3 b4 37. axb4 axb4 38. Bxb4 Bxd4 39. exd4 Rxd4 40. Rc4 Rd3 41. Rxe4 Rxb3 42. Bxd6 Rd3 43. Bc5 Rd5 44. Be3 Rb5 45. g4 Rb2 46. Re6+ Kf7 47. Rh6 Rb5 48. Rxh7+ Kg6 49. Rh5 Re5 50. h4 Re4 51. Rxg5+ Kf6 52. h5 Re7 53. Rg6+ Kf7 54. Kg3 Re8 55. g5 Rh8 56. Rf6+ Ke7 57. h6 Rg8 58. h7 Rh8 59. Rb6 Kd7 60. g6 Kc7 61. Rf6 Kd7 62. g7 Rxh7 63. g8Q Re7 64. Qd5+ Ke8 65. Qc6+ Rd7 66. Qc8+ Rd8 67. Qe6# 1-0

[Event "ARG-ch (Women) 74th"]
[Site "Buenos Aires"]
[Date "2023.11.26"]
[Round "7"]
[White "Herrera, Lara"]
[Black "Donda, Jazmin"]
[Result "1-0"]
[WhiteElo "1391"]
[BlackElo "1825"]
[PlyCount "61"]
[EventDate "2023.11.20"]
[EventType "swiss"]
[EventRounds "9"]
[EventCountry "ARG"]
[SourceTitle "CB49_2023"]
[SourceDate "2023.12.06"]
[SourceVersion "1"]
[SourceVersionDate "2023.12.06"]
[SourceQuality "1"]

1. e4 c6 2. Nf3 d5 3. exd5 cxd5 4. Ne5 Nf6 5. d4 h6 6. Nc3 a6 7. Be2 e6 8. 0-0 Bd6 9. f4 Nbd7 10. Qd3 Bb4 11. Kh1 Bxc3 12. bxc3 0-0 13. Ba3 Re8 14. Qh3 Qc7 15. Bh5 Nxh5 16. Qxh5 Nf6 17. Qh3 Bd7 18. g4 Bb5 19. Rf3 Ne4 20. Re1 Nd2 21. Rg3 Ne4 22. Rxe4 dxe4 23. g5 hxg5 24. fxg5 Be2 25. g6 fxg6 26. Nxg6 Bf3+ 27. Kg1 e5 28. Qh8+ Kf7 29. Qh7 Rac8 30. Nf8 Rxf8 31. Rxg7+ 1-0